000 00542nam a2200193 i 4500
001 73929
003 ES-MaACL
005 20240503110110.0
007 t|
008 040913s1974 sp ||||1| spa d
100 1 _aGonzález, Ángel,
_d1925-2008
_958280
245 1 0 _aJuan Ramón Jiménez /
_cAngel González.
260 _a[Madrid] :
_bJúcar,
_c[1974]
300 _a242 p., 8 lám. ;
_c18 cm.
490 1 _aLos poetas
830 0 _aLos poetas
_9184443
852 _aES-MaACL
_jA-7701
_bR.96482
999 _c73929
_d73929